Discrete time signal processing / (Record no. 5633)
[ view plain ]
| 000 -LEADER | |
|---|---|
| fixed length control field | 00510cam a2200193ua 4500 |
| 003 - CONTROL NUMBER IDENTIFIER | |
| control field | OSt |
| 008 - FIXED-LENGTH DATA ELEMENTS--GENERAL INFORMATION | |
| fixed length control field | 250108b |||||||| |||| 00| 0 eng d |
| 020 ## - INTERNATIONAL STANDARD BOOK NUMBER | |
| ISBN | 81-7808-244-6 |
| 041 ## - LANGUAGE CODE | |
| Language code of text/sound track or separate title | eng |
| 082 ## - DEWEY DECIMAL CLASSIFICATION NUMBER | |
| Classification number | 621.3822 |
| Item number | OPP/DI |
| 100 ## - MAIN ENTRY--AUTHOR NAME | |
| Personal name | Oppenheim, Alan V . |
| 245 ## - TITLE STATEMENT | |
| Title | Discrete time signal processing / |
| 250 ## - EDITION STATEMENT | |
| Edition statement | 2 / |
| 260 ## - PUBLICATION, DISTRIBUTION, ETC. (IMPRINT) | |
| Place of publication | : |
| Name of publisher | Pearson Education Signal Processing , |
| Year of publication | 2002. |
| 300 ## - PHYSICAL DESCRIPTION | |
| Number of Pages | 870 ; . |
| 700 1# - ADDED ENTRY--PERSONAL NAME | |
| Personal name | Buck, John R. |
| 700 1# - ADDED ENTRY--PERSONAL NAME | |
| Personal name | Schaffer, Ronald W . |
| 942 ## - ADDED ENTRY ELEMENTS (KOHA) | |
| Koha item type | Books |
| Withdrawn status | Lost status | Damaged status | Home library | Current library | Date acquired | Full call number | Accession Number | Koha item type |
|---|---|---|---|---|---|---|---|---|
| KAUAET | KAUAET | 07/04/2012 | 621.3822 OPP/DI | 20569 | Books |
